000 00367nam a22001457a 4500
003 OSt
005 20160727222413.0
008 160624b xxu||||| |||| 00| 0 eng d
040 _cTEST
100 _91045
_aFox, M
245 _aOn Becoming A Musical Mystical Bear
260 _aNEW YORK
_bPAULIST
_c1976
300 _aOn Becoming A Musical Mystical Bear
942 _2ddc
_cBK
999 _c835
_d835